| 000 | 01360nam0a22002771 4500 | ||
|---|---|---|---|
| 001 | rc\4306875 | ||
| 005 | 20130416125848.1 | ||
| 021 |
_aRU _bРг4383-59 |
||
| 035 | _a(NLR Aleph) 008258838 | ||
| 090 |
_a8383665 _c8383665 |
||
| 100 | _a20130416d1959 |||y0rusy50 ca | ||
| 101 | 0 | _arus | |
| 102 | _aRU | ||
| 105 | _ay c ||||| | ||
| 200 | 1 |
_aНовое в технических указаниях по проектированию станций и узлов _eДоклад на Науч.-техн. совещании по обсуждению проекта ТУПС-59... _fМинтрансстрой СССР. Всесоюз. науч.-исслед. ин-т трансп. строительства. Сектор проектирования станций и узлов |
|
| 210 |
_aМосква _cБ. и. _d1959 |
||
| 215 |
_a42 с. _d23 |
||
| 300 | _aПеред загл. авт.: канд. техн. наук Г.З. Верцман | ||
| 320 | _aБиблиогр.: с. 41-42 | ||
| 700 | 1 |
_aВерцман _bГ. З. _f1905-1975 _gГригорий Зиновьевич |
|
| 712 | 1 | 2 |
_aНаучно-техническое совещание по обсуждению проекта ТУПС-59 _f1959 _eМосква _3RU\NLR\AUTH\8810116243 |
| 801 | 0 |
_aRU _bNLR _gpsbo |
|
| 801 | 1 |
_aRU _bELAR _2rusmarc |
|
| 852 |
_aNLR _j59-6/5840 |
||
| 942 | _cBOOK | ||
| 980 | _aNB | ||